Código electoral /

El documento consiste en el Código Electoral, Decreto Legislativo No. 8765, de la República de Costa Rica.

Đã lưu trong:
Chi tiết về thư mục
Tác giả của công ty: Costa Rica. Tribunal Supremo de Elecciones
Định dạng: Texto
Ngôn ngữ:Spanish
Được phát hành: San José: Ediciones Tribunal Supremo de Elecciones 2009
Những chủ đề:
Các nhãn: Thêm thẻ
Không có thẻ, Là người đầu tiên thẻ bản ghi này!

MARC

LEADER 00000 a a2200000 04500
001 35456
003 cru CIDCACS/IIS
005 20231101113646.0
008 220808b2009 cr ||||| |||| 00| 0 spa d
040 |c cru CIDCACS/IIS 
090 |a 04.02.02 C837c  
110 |a Costa Rica. Tribunal Supremo de Elecciones  
245 |a Código electoral /  |c Tribunal Supremo de Elecciones(Costa Rica)  
260 |a San José:   |b Ediciones Tribunal Supremo de Elecciones   |c 2009 
300 |a 127 páginas 
520 |a El documento consiste en el Código Electoral, Decreto Legislativo No. 8765, de la República de Costa Rica. 
650 |a LEGISLACION  
650 |a CODIGOS  
650 |a ELECCIONES  
650 |a TRIBUNALES  
650 |a SISTEMAS ELECTORALES  
650 |a COSTA RICA  
942 |2 z  |c LI  |h 04.02.02 C837c   |i 23555  |6 040202_C837C_23555 
999 |c 44475  |d 44475